000
00349nam a2200157Ia 4500
003
OSt
005
20240311164039.0
008
170524s9999 xx 000 0 und d
020
_a
NIL
040
_c
IIMTU MEERUT
100
_a
Aggarwal -D.K.
245
0
_a
Housekeeping Management
260
_b
Aman Publication
260
_c
2006
942
_2
ddc
_c
02
999
_c
7347
_d
7347